00540nam a2200193 a 4500001001300000003000900013005001700022008004100039020002400080082001700104100001900121245006100140260003200201300000900233500003500242505001000277650004000287700001900327nice12345678IN_TiNIC20260116014825.0050524s2003 newa grp 000 0 eng  a006050532X c135800a303.625bSTE aStern, Jessica aTerror in the Name of Godb Why Religious Militants Kill aNew York bHarperone c2003 a368p aincludes index and biblioraphy2 aNotes aViolence-Religion-aspects-christian1 aStern, Jessica